000 00584nam a2200217Ia 4500
008 101110s9999 xx 000 0 und d
041 _aENGLISH
082 _bSR33498
100 _aBhole K.G., Shroff Adarsh & Ranade Abhay J.
245 _aA new Course in physics Vol. II SYBSc
260 _c2009
_bSheth publishers, Mumbai
300 _a115
365 _b115
520 _aPhysics
546 _aENGLISH
630 _aA new Course in physics Vol. II SYBSc
650 _aPhysics
655 _aPhysics
730 _aA new Course in physics Vol. II SYBSc
942 _cBOOK
999 _c825999
_d825996